Statistics for モンゴル国の都市人口Top10

Click here to take the quiz!

General Stats

  • This quiz has been taken 13 times
  • The average score is 2 of 10

Answer Stats

都市名人口% Correct
ウランバートル1144954
100%
エルデネト83379
18%
チョイバルサン38537
18%
ダルハン74738
9%
ムルン35789
9%
ウルギー29392
9%
ホブド29012
9%
ナライフ30049
0%
バヤンホンゴル29817
0%
アルバイヘール27162
0%

Score Distribution

Percentile by Number Answered

Percent of People with Each Score

Your Score History

You have not taken this quiz